[Event "IECG TE.2004.S.01404"]
[Site "IECG email"]
[Date "2005.05.10"]
[Round "?"]
[White "Bernal Varela, Nelson"]
[Black "Widjajas, Indra"]
[Result "1-0"]
[WhiteElo "2033"]
[BlackElo "900"]
[PlyCount "37"]
[EventDate "2005.05.10"]
[EventType "tourn (corr)"]
[EventRounds "8"]
[SourceTitle "Corr 2008"]
[Source "ChessBase"]
[SourceDate "2008.06.24"]
[SourceVersion "1"]
[SourceVersionDate "2008.06.24"]
[SourceQuality "1"]

1. d4 Nf6 2. c4 e6 3. Nc3 Bb4 4. f3 0-0 5. e4 d5 6. e5 Nfd7 7. f4 c5 8. a3 Ba5 9. Nf3 Nc6 10. Be3 cxd4 11. Nxd4 Nxd4 12. Bxd4 f6 13. exf6 Nxf6 14. g3 Bxc3+ 15. Bxc3 Bd7 16. Qd4 Qe8 17. Be2 dxc4 18. Bxc4 Bb5 19. 0-0 1-0

[Event "IECG TE.2004.S.01404"]
[Site "IECG email"]
[Date "2005.05.10"]
[Round "?"]
[White "Ottenweller, Wolfgang"]
[Black "Widjajas, Indra"]
[Result "1-0"]
[WhiteElo "1975"]
[BlackElo "900"]
[PlyCount "67"]
[EventDate "2005.05.10"]
[EventType "tourn (corr)"]
[EventRounds "8"]
[SourceTitle "Corr 2008"]
[Source "ChessBase"]
[SourceDate "2008.06.24"]
[SourceVersion "1"]
[SourceVersionDate "2008.06.24"]
[SourceQuality "1"]

1. d4 Nf6 2. c4 e6 3. Nc3 Bb4 4. f3 0-0 5. a3 Bxc3+ 6. bxc3 Nh5 7. g3 b6 8. e4 d6 9. Bg2 Bb7 10. Ne2 c5 11. 0-0 Nc6 12. g4 Nf6 13. Bg5 Na5 14. f4 cxd4 15. cxd4 Nxc4 16. Qd3 Rc8 17. Rac1 b5 18. a4 a6 19. Nc3 Bc6 20. Rf2 Re8 21. Rb1 Qa5 22. Bxf6 gxf6 23. d5 Bd7 24. dxe6 Bxe6 25. axb5 Na3 26. Nd5 Bxd5 27. Ra1 Bb7 28. Rxa3 Qxb5 29. h3 Qb4 30. Rb3 Bxe4 31. Rxb4 Bxd3 32. Rd4 Rc1+ 33. Kh2 Bc4 34. Rxd6 1-0

[Event "IECG TE.2004.S.01404"]
[Site "IECG email"]
[Date "2005.05.10"]
[Round "?"]
[White "Widjajas, Indra"]
[Black "Bernal Varela, Nelson"]
[Result "0-1"]
[WhiteElo "900"]
[BlackElo "2033"]
[PlyCount "38"]
[EventDate "2005.05.10"]
[EventType "tourn (corr)"]
[EventRounds "8"]
[SourceTitle "Corr 2008"]
[Source "ChessBase"]
[SourceDate "2008.06.24"]
[SourceVersion "1"]
[SourceVersionDate "2008.06.24"]
[SourceQuality "1"]

1. d4 Nf6 2. c4 e6 3. Nc3 Bb4 4. f3 d5 5. a3 Bxc3+ 6. bxc3 0-0 7. cxd5 exd5 8. e3 b6 9. Bd3 Ba6 10. Ne2 Re8 11. Bxa6 Nxa6 12. 0-0 c5 13. Ng3 Nc7 14. Qd3 Ne6 15. Rd1 Qc7 16. e4 dxe4 17. fxe4 Rad8 18. d5 h6 19. Bxh6 gxh6 0-1

[Event "IECC KO-5044"]
[Site "IECC email"]
[Date "2005.02.10"]
[Round "?"]
[White "Manis, Jose"]
[Black "Widjajas, Indra"]
[Result "1/2-1/2"]
[WhiteElo "1680"]
[BlackElo "1366"]
[PlyCount "109"]
[EventDate "2004.??.??"]
[EventType "match (corr)"]
[EventRounds "2"]
[SourceTitle "Corr 2020"]
[Source "ChessBase"]
[SourceDate "2019.09.30"]
[SourceVersion "1"]
[SourceVersionDate "2019.09.30"]
[SourceQuality "1"]
[WhiteTeam "United States"]
[BlackTeam "Indonesia"]
[WhiteTeamCountry "USA"]
[BlackTeamCountry "INA"]

1. Nf3 g6 2. d4 Nf6 3. c4 c5 4. Nc3 Bg7 5. d5 0-0 6. e4 d6 7. Be2 e6 8. 0-0 exd5 9. cxd5 Re8 10. Nd2 Nbd7 11. a4 a6 12. f4 Rb8 13. Kh1 c4 14. Bxc4 Nc5 15. e5 Ng4 16. Nf3 dxe5 17. d6 Be6 18. Bxe6 Nxe6 19. h3 e4 20. Nxe4 Nf6 21. Nxf6+ Bxf6 22. f5 Ng7 23. g4 Qd7 24. fxg6 hxg6 25. Ng5 Bxg5 26. Bxg5 Re6 27. Bf4 Ne8 28. Qf3 Nxd6 29. Rad1 Rf8 30. Qd5 Rd8 31. Rfe1 Rxe1+ 32. Rxe1 Qc6 33. Qxc6 bxc6 34. Rc1 Ne8 35. Rxc6 Rd4 36. Be5 Re4 37. Bc3 Rxa4 38. Kg2 Kf8 39. b3 Ra2+ 40. Kf3 Ke7 41. h4 Kd7 42. Rb6 Nc7 43. Be5 Ne6 44. Rb7+ Kc6 45. Rxf7 Ra3 46. Kg2 Rxb3 47. Bg3 Rb2+ 48. Rf2 Rxf2+ 49. Kxf2 Kd7 50. h5 Ke7 51. Be5 Kf7 52. Kf3 gxh5 53. gxh5 Ng7 54. h6 Ne6 55. Bc3 1/2-1/2

[Event "IECG TE.2003.S.01301 email"]
[Site "IECG email"]
[Date "2005.01.21"]
[Round "?"]
[White "Nenciulescu, Silviu Catalin"]
[Black "Widjajas, Indra"]
[Result "1/2-1/2"]
[WhiteElo "2069"]
[BlackElo "900"]
[PlyCount "55"]
[EventDate "2005.01.21"]
[EventType "tourn (corr)"]
[EventRounds "12"]
[SourceTitle "Corr 2008"]
[Source "ChessBase"]
[SourceDate "2008.06.24"]
[SourceVersion "1"]
[SourceVersionDate "2008.06.24"]
[SourceQuality "1"]

1. e4 c5 2. Nf3 Nc6 3. d4 cxd4 4. Nxd4 Nf6 5. Nc3 e6 6. Nxc6 bxc6 7. Bd3 Qc7 8. 0-0 Be7 9. Kh1 d5 10. f4 Rb8 11. b3 dxe4 12. Nxe4 Nxe4 13. Bxe4 Bf6 14. Ba3 c5 15. Rb1 g6 16. Qf3 0-0 17. Rfd1 Ba6 18. Bb2 Bxb2 19. Rxb2 Rbd8 20. Rbb1 Rxd1+ 21. Rxd1 Rd8 22. Rc1 Qa5 23. Qe3 c4 24. g4 Rd7 25. a4 Qb4 26. f5 exf5 27. Bxf5 Bb7+ 28. Kg1 1/2-1/2

[Event "IECG TE.2003.S.01301 email"]
[Site "IECG email"]
[Date "2005.01.21"]
[Round "?"]
[White "Widjajas, Indra"]
[Black "Retamoza, Francisco"]
[Result "0-1"]
[WhiteElo "900"]
[BlackElo "1866"]
[PlyCount "82"]
[EventDate "2005.01.21"]
[EventType "tourn (corr)"]
[EventRounds "12"]
[SourceTitle "Corr 2008"]
[Source "ChessBase"]
[SourceDate "2008.06.24"]
[SourceVersion "1"]
[SourceVersionDate "2008.06.24"]
[SourceQuality "1"]

1. e4 c5 2. Nf3 Nc6 3. d4 cxd4 4. Nxd4 Nf6 5. Nc3 e6 6. Bf4 Bb4 7. Ndb5 Nxe4 8. Qf3 Nxc3 9. bxc3 Qf6 10. 0-0-0 Ba5 11. Nd6+ Kf8 12. Ne4 Qd8 13. Bd6+ Kg8 14. h4 h5 15. Rh3 f5 16. Ng3 g6 17. Ne2 Qf6 18. Nf4 Rh6 19. Qe3 Kh7 20. Bc4 Bb6 21. Qe1 a6 22. Nd3 Ba7 23. Bf4 b5 24. Bb3 Qf8 25. Kb1 Bb8 26. Bxh6 Qxh6 27. c4 Qg7 28. c5 a5 29. c3 Ne7 30. a3 Bb7 31. f3 Bd5 32. Kc2 f4 33. Qd2 Bxb3+ 34. Kxb3 Nd5 35. Rc1 Be5 36. Nxe5 Qxe5 37. Re1 Qc7 38. g4 fxg3 39. f4 Qxc5 40. Rxg3 Qc4+ 41. Kb2 b4 0-1

[Event "IECG TE.2004.P.01611 email"]
[Site "IECG email"]
[Date "2004.09.22"]
[Round "?"]
[White "Lautenbach, Aljoscha"]
[Black "Widjajas, Indra"]
[Result "0-1"]
[WhiteElo "1777"]
[BlackElo "900"]
[PlyCount "74"]
[EventDate "2004.09.22"]
[EventType "tourn (corr)"]
[EventRounds "8"]
[SourceTitle "Corr 2008"]
[Source "ChessBase"]
[SourceDate "2008.06.24"]
[SourceVersion "1"]
[SourceVersionDate "2008.06.24"]
[SourceQuality "1"]

1. e4 c6 2. d4 d5 3. e5 Bf5 4. Nc3 e6 5. g4 Bg6 6. Nge2 c5 7. h4 h5 8. Nf4 Bh7 9. Nxh5 Nc6 10. dxc5 Bxc5 11. f4 d4 12. Nb5 a6 13. Na3 Be4 14. Rh3 Kf8 15. Ng3 Bd5 16. h5 Bb4+ 17. Bd2 Qb6 18. Ne2 Bc5 19. Nc1 Be7 20. g5 Qxb2 21. Rb1 Qxa3 22. Rxa3 Bxa3 23. Nd3 Nge7 24. Be2 Rc8 25. Bf3 b5 26. Nb4 Bxb4 27. Bxb4 Kg8 28. Bd2 Bc4 29. a4 bxa4 30. Ra1 Bb5 31. Be4 Nf5 32. Bxf5 exf5 33. c3 dxc3 34. Bxc3 Rd8 35. Bd2 Nb4 36. Bxb4 Rxd1+ 37. Rxd1 Rxh5 0-1

[Event "IECG TE.2004.P.01611 email"]
[Site "IECG email"]
[Date "2004.09.22"]
[Round "?"]
[White "Widjajas, Indra"]
[Black "Ozturk, Erhan"]
[Result "1-0"]
[WhiteElo "900"]
[BlackElo "1600"]
[PlyCount "63"]
[EventDate "2004.09.22"]
[EventType "tourn (corr)"]
[EventRounds "8"]
[SourceTitle "Corr 2008"]
[Source "ChessBase"]
[SourceDate "2008.06.24"]
[SourceVersion "1"]
[SourceVersionDate "2008.06.24"]
[SourceQuality "1"]

1. e4 c6 2. d4 d5 3. e5 Bf5 4. Nf3 e6 5. Be2 Ne7 6. 0-0 Nd7 7. Nh4 Bg6 8. Nd2 c5 9. c3 Nc6 10. Nxg6 hxg6 11. Nf3 Be7 12. g3 Qb6 13. h4 0-0-0 14. b4 cxb4 15. Rb1 f6 16. Bf4 g5 17. hxg5 fxe5 18. dxe5 Qc7 19. Nd4 Nxd4 20. cxd4 Kb8 21. Rc1 Qa5 22. Qc2 Qb6 23. Be3 Qa5 24. Kg2 Rhe8 25. Bh5 Rh8 26. Bf7 Nf8 27. f4 g6 28. f5 gxf5 29. g6 Nxg6 30. Bxg6 Rc8 31. Qd2 Rc3 32. Bf7 1-0

[Event "IECG TE.2004.P.01506"]
[Site "IECG email"]
[Date "2004.06.17"]
[Round "?"]
[White "Baroin, Bernard"]
[Black "Widjajas, Indra"]
[Result "1/2-1/2"]
[WhiteElo "1978"]
[BlackElo "900"]
[PlyCount "85"]
[EventDate "2004.06.17"]
[EventType "tourn (corr)"]
[EventRounds "8"]
[SourceTitle "Corr 2008"]
[Source "ChessBase"]
[SourceDate "2008.06.24"]
[SourceVersion "1"]
[SourceVersionDate "2008.06.24"]
[SourceQuality "1"]

1. e4 e6 2. d4 d5 3. Nc3 Nf6 4. Bg5 Bb4 5. e5 h6 6. Bd2 Bxc3 7. Bxc3 Ne4 8. Bb4 c5 9. Bxc5 Nxc5 10. dxc5 Qc7 11. Nf3 Nd7 12. Qd4 Qxc5 13. c3 0-0 14. Bd3 b6 15. 0-0 a5 16. Rfe1 Ba6 17. Bc2 Rfc8 18. Qf4 Nb8 19. Nd4 Nc6 20. Rad1 a4 21. Bxa4 Nxd4 22. cxd4 Qa5 23. Bb3 Bc4 24. Re3 Bxb3 25. Rxb3 Qxa2 26. Rg3 Qa1 27. Qd2 Kh8 28. h3 Qa2 29. Kh2 b5 30. Qf4 Rc7 31. Rc1 Rxc1 32. Qxc1 b4 33. Qd2 Qc4 34. Qf4 Rf8 35. Qg4 Rg8 36. Qd1 Rc8 37. b3 Qc1 38. Qg4 Rg8 39. Rf3 Rf8 40. Rg3 Rg8 41. Qf3 Rf8 42. Rg4 Qc3 43. Qd1 1/2-1/2

[Event "IECG TE.2004.P.01407 email"]
[Site "IECG email"]
[Date "2004.03.17"]
[Round "?"]
[White "Tessieri, Franco"]
[Black "Widjajas, Indra"]
[Result "1/2-1/2"]
[WhiteElo "1495"]
[BlackElo "900"]
[PlyCount "135"]
[EventDate "2004.03.17"]
[EventType "tourn (corr)"]
[EventRounds "12"]
[SourceTitle "Corr 2024"]
[Source "ChessBase"]
[SourceDate "2023.10.19"]
[SourceVersion "1"]
[SourceVersionDate "2023.10.19"]
[SourceQuality "1"]

1. d4 Nf6 2. c4 e6 3. Nc3 Bb4 4. f3 d5 5. a3 Bxc3+ 6. bxc3 c6 7. e4 dxe4 8. fxe4 e5 9. Nf3 Qa5 10. Qd3 exd4 11. Bd2 dxc3 12. Qxc3 Qxc3 13. Bxc3 Nxe4 14. Bxg7 Rg8 15. Bd4 Na6 16. Nd2 Nec5 17. 0-0-0 Be6 18. Bf6 Rg6 19. Bh4 Kf8 20. Re1 Re8 21. Bg3 Bg4 22. Rxe8+ Kxe8 23. Bf2 Rf6 24. Bh4 Re6 25. h3 Be2 26. g4 Nd3+ 27. Kc2 Nac5 28. Nb3 Bxf1 29. Nxc5 Nxc5 30. Rxf1 b6 31. Bg5 Re2+ 32. Kc3 a6 33. Rf5 Ne6 34. Bd2 Kf8 35. Bh6+ Kg8 36. Rf3 b5 37. Kb4 bxc4 38. Rc3 Re4 39. Rxc4 c5+ 40. Kb3 Nd4+ 41. Kc3 Re6 42. Bc1 Ne2+ 43. Kb3 Rb6+ 44. Ka4 Nxc1 45. Rxc1 Rh6 46. Rc3 Kg7 47. Re3 Re6 48. Rc3 Rc6 49. Rf3 Kg6 50. Kb3 Rf6 51. Rd3 h5 52. gxh5+ Kxh5 53. Kc4 Rf4+ 54. Kxc5 f5 55. Kb6 Ra4 56. Kc5 Kg5 57. Kd5 Ra5+ 58. Kd4 Kf4 59. Rc3 Re5 60. Rc6 Re4+ 61. Kd5 Ke3 62. Rc3+ Kf2 63. Rb3 Ra4 64. h4 Rxh4 65. Rb2+ Ke3 66. Rb3+ Ke2 67. Rb2+ Kf3 68. Rb3+ 1/2-1/2

[Event "IECG TE.2004.P.01407 email"]
[Site "IECG email"]
[Date "2004.03.17"]
[Round "?"]
[White "Widjajas, Indra"]
[Black "Cijs, Peter"]
[Result "1-0"]
[WhiteElo "900"]
[BlackElo "2120"]
[PlyCount "60"]
[EventDate "2004.03.17"]
[EventType "tourn (corr)"]
[EventRounds "12"]
[SourceTitle "Corr 2024"]
[Source "ChessBase"]
[SourceDate "2023.10.19"]
[SourceVersion "1"]
[SourceVersionDate "2023.10.19"]
[SourceQuality "1"]

1. d4 Nf6 2. c4 e6 3. Nc3 Bb4 4. f3 d5 5. a3 Bxc3+ 6. bxc3 0-0 7. cxd5 exd5 8. e3 b6 9. Bd3 c5 10. Ne2 Ba6 11. 0-0 Re8 12. Ng3 Bxd3 13. Qxd3 Nc6 14. Bb2 Na5 15. e4 Nc4 16. Bc1 Rc8 17. Bg5 h6 18. Bxf6 Qxf6 19. a4 cxd4 20. cxd4 Qf4 21. Rfe1 Qg5 22. Rab1 Nd6 23. e5 Nc4 24. Nf5 g6 25. Ng3 Red8 26. Ne2 Qe3+ 27. Qxe3 Nxe3 28. Kf2 Nc2 29. Red1 Rc4 30. Rb2 Nb4 1-0

[Event "IECG TE.2003.P.01302 email"]
[Site "IECG email"]
[Date "2003.11.11"]
[Round "?"]
[White "Geiger, Walter"]
[Black "Widjajas, Indra"]
[Result "1/2-1/2"]
[WhiteElo "1972"]
[BlackElo "900"]
[PlyCount "105"]
[EventDate "2003.11.11"]
[EventType "tourn (corr)"]
[EventRounds "10"]
[SourceTitle "Corr 2008"]
[Source "ChessBase"]
[SourceDate "2008.06.24"]
[SourceVersion "1"]
[SourceVersionDate "2008.06.24"]
[SourceQuality "1"]

1. e4 c5 2. Nf3 Nc6 3. d4 cxd4 4. Nxd4 Nf6 5. Nc3 e6 6. Nxc6 bxc6 7. e5 Nd5 8. Nxd5 cxd5 9. Bd3 Ba6 10. 0-0 Bxd3 11. cxd3 g6 12. Be3 Bg7 13. f4 d6 14. Qa4+ Qd7 15. Qa6 dxe5 16. fxe5 Bxe5 17. Bc5 Rc8 18. Qa3 Qb5 19. d4 Rxc5 20. dxc5 Bd4+ 21. Kh1 Bxc5 22. Qf3 0-0 23. Qf6 Be3 24. b3 d4 25. Qe7 a5 26. Qd6 e5 27. a4 Qb8 28. Qd5 Qc7 29. Rf6 Rd8 30. Rxf7 Rxd5 31. Rxc7 d3 32. Rc4 Bd4 33. Rd1 e4 34. g4 Kf7 35. b4 axb4 36. Rxb4 Kf6 37. Kg2 Kg5 38. a5 Kxg4 39. a6 Kf4 40. h4 Bc5 41. Rb5 e3 42. a7 e2 43. Rdb1 d2 44. a8Q d1Q 45. Qb8+ Kg4 46. Qg3+ Kh5 47. Rb7 h6 48. Qf3+ Kxh4 49. R7b4+ Bxb4 50. Rxb4+ Rd4 51. Qf6+ Kh5 52. Rb5+ g5 53. Rxg5+ 1/2-1/2

[Event "IECG TE.2003.P.01302 email"]
[Site "IECG email"]
[Date "2003.11.11"]
[Round "?"]
[White "Ibar, Marcelo Rodolfo"]
[Black "Widjajas, Indra"]
[Result "1/2-1/2"]
[WhiteElo "2241"]
[BlackElo "900"]
[PlyCount "57"]
[EventDate "2003.11.11"]
[EventType "tourn (corr)"]
[EventRounds "10"]
[SourceTitle "Corr 2008"]
[Source "ChessBase"]
[SourceDate "2008.06.24"]
[SourceVersion "1"]
[SourceVersionDate "2008.06.24"]
[SourceQuality "1"]

1. e4 c5 2. Nf3 Nc6 3. d4 cxd4 4. Nxd4 Nf6 5. Nc3 e6 6. Nxc6 bxc6 7. e5 Nd5 8. Ne4 Qc7 9. f4 Qb6 10. c4 Bb4+ 11. Ke2 f5 12. Nf2 Ba6 13. Kf3 Ne7 14. Be3 Bc5 15. Bxc5 Qxc5 16. Qd6 Qb6 17. b3 c5 18. Kg3 Bb7 19. Be2 Nc8 20. Qd2 d5 21. cxd5 Bxd5 22. Rac1 Ne7 23. Rc3 0-0 24. Rhc1 Rac8 25. Qe3 h6 26. h4 Qa5 27. a4 Qb6 28. Kh2 a5 29. Bb5 1/2-1/2

[Event "IECG TE.2003.P.01302 email"]
[Site "IECG email"]
[Date "2003.11.11"]
[Round "?"]
[White "Widjajas, Indra"]
[Black "Ibar, Marcelo Rodolfo"]
[Result "1-0"]
[WhiteElo "900"]
[BlackElo "2241"]
[PlyCount "121"]
[EventDate "2003.11.11"]
[EventType "tourn (corr)"]
[EventRounds "10"]
[SourceTitle "Corr 2008"]
[Source "ChessBase"]
[SourceDate "2008.06.24"]
[SourceVersion "1"]
[SourceVersionDate "2008.06.24"]
[SourceQuality "1"]

1. e4 c5 2. Nf3 Nc6 3. d4 cxd4 4. Nxd4 Nf6 5. Nc3 e6 6. Nxc6 bxc6 7. e5 Nd5 8. Ne4 Qa5+ 9. Bd2 Qb6 10. c4 Qd4 11. Nd6+ Bxd6 12. exd6 Qe5+ 13. Be2 Nf4 14. Bxf4 Qxf4 15. Qd2 Qxd2+ 16. Kxd2 Rb8 17. Kc2 c5 18. Rad1 Bb7 19. f3 0-0 20. Rd3 Rfc8 21. Ra3 a6 22. Rb1 f5 23. b4 cxb4 24. Rxb4 Bxf3 25. Rxb8 Be4+ 26. Bd3 Rxb8 27. Bxe4 fxe4 28. Rxa6 Rb4 29. Kc3 e3 30. Ra5 Rb6 31. c5 Rb2 32. c6 e2 33. Re5 Rb5 34. Rxe2 Rc5+ 35. Kb4 Rxc6 36. Rd2 Kf7 37. a4 e5 38. Kb5 Ke6 39. a5 Rc1 40. Ra2 Kxd6 41. a6 Rb1+ 42. Kc4 Rc1+ 43. Kd3 Rc8 44. a7 Ra8 45. Ke4 Ke6 46. Ra6+ d6 47. h3 h6 48. g4 g5 49. Kd3 Kd5 50. Ke3 Kc4 51. Rxd6 Rxa7 52. Ke4 Rh7 53. Kxe5 h5 54. Kf5 hxg4 55. hxg4 Rg7 56. Rg6 Ra7 57. Kxg5 Kd5 58. Rf6 Ke5 59. Kg6 Ra1 60. g5 Rg1 61. Kh6 1-0